Hedging na derivátovom trhu

Význam a podstata hedgingu. Predajný a nákupný hedging. Špekulanti versus hedgeri. Formy hedgingu podľa IAS a US GAAP.

Na minha lista:
Detalhes bibliográficos
Autor principal: Medveďová, Vladimíra
Formato: Capítulo de Livro
Idioma:eslovaco
Assuntos:
Tags: Adicionar Tag
Sem tags, seja o primeiro a adicionar uma tag!

MARC

LEADER 00000nla$a2200000$$$4500
001 0057090
005 20231121080736.0
041 0 |a slo 
044 |a SK 
245 1 0 |a Hedging na derivátovom trhu  |c Vladimíra Medveďová 
520 |a Význam a podstata hedgingu. Predajný a nákupný hedging. Špekulanti versus hedgeri. Formy hedgingu podľa IAS a US GAAP. 
610 2 0 |a hedging 
610 2 0 |a trh finančný 
610 2 0 |a riziko finančné 
610 2 0 |a nástroje finančné 
610 2 0 |a burzovníctvo 
610 2 0 |a riziko trhové 
100 1 |a Medveďová, Vladimíra